| 000 | 00457nam a2200157Ia 4500 | ||
|---|---|---|---|
| 008 | 231217s9999 xx 000 0 und d | ||
| 020 | _a9971513692 | ||
| 041 | _aEnglish | ||
| 082 | _a658.05631 BER;4 | ||
| 100 | _aBerry, A Michael J. Linoff, Gordon. | ||
| 245 | 0 | _aMastering data mining : the art and science of customer relationship management | |
| 260 |
_c2000 _bJohn Wiley & Sons _aNew York |
||
| 300 | _axviii+494 | ||
| 650 | _aabc | ||
| 942 | _cAA | ||
| 999 |
_c182340 _d182340 |
||